| 000 | 00800nam a2200181Ia 4500 | ||
|---|---|---|---|
| 008 | 090124s9999 xx 000 0 und d | ||
| 082 | _b5668 | ||
| 100 | _aकुलकर्णी वसंत विष्णु | ||
| 245 | _a गं्रथालय़ीन व्य़वस्थेची रुपरेशा | ||
| 250 | _a2 | ||
| 260 |
_bपॉप्य़ुलर प्रकाशन _c1970 |
||
| 300 | _a206 | ||
| 600 | _aकुलकर्णी वसंत विष्णु | ||
| 630 | _a गं्रथालय़ीन व्य़वस्थेची रुपरेशा | ||
| 700 | _aकुलकर्णी वसंत विष्णु | ||
| 730 | _a गं्रथालय़ीन व्य़वस्थेची रुपरेशा | ||
| 942 | _cBOOK | ||
| 999 |
_c84625 _d84625 |
||